[Event "Vancouver Open"]
[Site "Chess.com"]
[Date "2020.07.26"]
[Round "?"]
[White "Devadithya, Lavindu"]
[Black "Chen, Minda"]
[Result "0-1"]
[WhiteElo "1535"]
[BlackElo "1966"]
[PlyCount "130"]
[EventDate "2020.??.??"]

1. d4 Nf6 2. c4 e6 3. Nc3 Bb4 4. e3 d5 5. cxd5 Nxd5 6. Qc2 c5 7. a3 Ba5 8. Bb5+
Bd7 9. Bxd7+ Nxd7 10. Nge2 cxd4 11. exd4 Rc8 12. Bd2 O-O 13. O-O Bc7 14. Qb3
N7b6 15. Rac1 Qh4 16. g3 Qh5 17. Rfe1 Nf6 18. Kg2 Qf5 19. Qc2 Qxc2 20. Rxc2
Rfd8 21. Rec1 Bb8 22. Bg5 Kf8 23. Ne4 Nxe4 24. Bxd8 Rxd8 25. f3 Nf6 26. b4 Ke7
27. Kf2 Nfd5 28. h4 Kd7 29. g4 a6 30. h5 h6 31. Nc3 Nxc3 32. Rxc3 Ke7 33. Rd1
Nd5 34. Rc2 Ba7 35. Rcd2 e5 36. Re1 Kd6 37. Kg3 Bxd4 38. Rc2 f6 39. Rec1 Kd7
40. Rd1 Ne7 41. f4 Nc6 42. fxe5 fxe5 43. Rf1 Ke6 44. Rf5 Ne7 45. Rf1 Bb6 46. a4
Rd3+ 47. Kg2 Nd5 48. a5 Ne3+ 49. Kf2 Nxc2+ 50. Ke2 Rd8 51. axb6 Nxb4 52. Rf3
Nd5 53. Rb3 Rd6 54. Kf3 Rxb6 55. Rd3 Rb4 56. Kg3 a5 57. Kh4 a4 58. Kg3 Rb3 59.
Rxb3 axb3 60. g5 b2 61. gxh6 gxh6 62. Kh4 b1=Q 63. Kg4 Qf5+ 64. Kh4 Qg5+ 65.
Kh3 Nf4+ 0-1

[Event "Vancouver Open"]
[Site "Chess.com"]
[Date "2020.07.25"]
[Round "?"]
[White "Devadithya, Lavindu"]
[Black "Wang, Felicity"]
[Result "1-0"]
[WhiteElo "1535"]
[BlackElo "1667"]
[PlyCount "117"]
[EventDate "2020.??.??"]

1. d4 g6 2. c4 d6 3. e4 Bg7 4. Nf3 Nd7 5. Be2 e5 6. O-O Ne7 7. Be3 O-O 8. Nc3
h6 9. Qd2 Kh7 10. Ne1 f5 11. dxe5 dxe5 12. f4 exf4 13. Bxf4 g5 14. Be3 f4 15.
Bd4 Ne5 16. Rd1 Qe8 17. Nd5 Nxd5 18. exd5 Bf5 19. Bxe5 Qxe5 20. b3 Qe7 21. Nf3
Rae8 22. Bd3 Qc5+ 23. Kh1 Re3 24. Bxf5+ Rxf5 25. Qc2 Qf8 26. g4 fxg3 27. Nxg5+
hxg5 28. Rxf5 Re2 29. Qxe2 Qxf5 30. Qd3 Qxd3 31. Rxd3 gxh2 32. c5 Bf6 33. d6
cxd6 34. cxd6 Kg7 35. d7 Bd8 36. Re3 Kf7 37. Re8 Bc7 38. d8=Q Bxd8 39. Rxd8 Ke7
40. Ra8 a6 41. Ra7 g4 42. Kxh2 Kd6 43. Rxb7 Kc6 44. Rb4 Kc5 45. Rc4+ Kb5 46.
Kg3 Kb6 47. Kxg4 Kb5 48. Kf5 Kb6 49. Ke5 a5 50. Kd6 Kb5 51. a4+ Kb6 52. Rc6+
Kb7 53. Kc5 Ka7 54. Rh6 Kb7 55. Rg6 Ka7 56. Kb5 Kb7 57. Rg7+ Kc8 58. Kc6 Kd8
59. Ra7 1-0

[Event "Vancouver Open"]
[Site "Chess.com"]
[Date "2020.07.26"]
[Round "?"]
[White "Devaraju, Sonia"]
[Black "Ramkumar, Aditya"]
[Result "1/2-1/2"]
[WhiteElo "1543"]
[BlackElo "1452"]
[PlyCount "116"]
[EventDate "2020.??.??"]

1. e4 c5 2. Nf3 d6 3. Bb5+ Bd7 4. Bxd7+ Qxd7 5. O-O Nc6 6. c3 Nf6 7. Re1 g6 8.
d4 cxd4 9. cxd4 Bg7 10. Nc3 O-O 11. Bf4 Nh5 12. Be3 Rad8 13. d5 Na5 14. Bxa7
Nc4 15. Bd4 Nxb2 16. Qe2 Na4 17. Bxg7 Kxg7 18. Nxa4 Qxa4 19. Qb2+ Nf6 20. Qxb7
Rfe8 21. Qb1 Rb8 22. Qd3 Rb4 23. e5 dxe5 24. Rxe5 Ng4 25. Ree1 Rc4 26. d6 Rd8
27. Rxe7 Qc6 28. Rd1 Rc3 29. Qd4+ Nf6 30. Ne5 Qxd6 31. Qxd6 Rxd6 32. Ra1 Re6
33. Rxf7+ Kg8 34. f4 Rxe5 35. Rxf6 Ra5 36. Rb6 Rc2 37. a4 Rc4 38. g3 Rcxa4 39.
Rxa4 Rxa4 40. Rb5 Kg7 41. Kg2 Ra3 42. Kh3 Ra2 43. Rb7+ Kg8 44. g4 Ra5 45. Rb4
h5 46. gxh5 Rxh5+ 47. Kg3 Kf7 48. h4 Kf6 49. Kg4 Kg7 50. Rb2 Rc5 51. Rf2 Kh6
52. Rf3 Rc4 53. Rh3 Rc5 54. Rf3 Rf5 55. Rb3 Rc5 56. Rb7 Rc4 57. Rf7 Rc5 58. f5
Rxf5 1/2-1/2

[Event "Vancouver Open"]
[Site "Chess.com"]
[Date "2020.07.25"]
[Round "?"]
[White "Devaraju, Sonia"]
[Black "Moore, Michael"]
[Result "1-0"]
[WhiteElo "1543"]
[BlackElo "1950"]
[PlyCount "133"]
[EventDate "2020.??.??"]

1. e4 c5 2. Nf3 d6 3. Bb5+ Nd7 4. Bxd7+ Bxd7 5. O-O Bc6 6. Re1 Nf6 7. e5 dxe5
8. Nxe5 Rc8 9. c3 e6 10. d4 cxd4 11. cxd4 Bb4 12. Nc3 O-O 13. Bg5 h6 14. Bh4
Bd5 15. Rc1 Bxc3 16. Rxc3 Rxc3 17. bxc3 b5 18. Qc2 Qe7 19. Re3 a5 20. Rg3 Be4
21. Bxf6 Bxc2 22. Bxe7 Rc8 23. a3 Bg6 24. Nxg6 fxg6 25. Bc5 Kf7 26. Rf3+ Kg8
27. Re3 Kf7 28. Re2 Rb8 29. Rb2 e5 30. Bd6 Rc8 31. Bc5 exd4 32. cxd4 Rb8 33.
Kf1 Ke6 34. Ke2 Kd5 35. Kd3 Rb7 36. f3 Rb8 37. Kc3 Kc6 38. Re2 g5 39. Re7 Rg8
40. Re6+ Kc7 41. Rb6 Re8 42. d5 Re2 43. d6+ Kc8 44. Rxb5 Rxg2 45. Rb2 Rxb2 46.
Kxb2 h5 47. Kc3 Kd7 48. Kd4 Ke6 49. Ke4 g6 50. a4 h4 51. h3 Kd7 52. Ke5 Kc6 53.
Kf6 g4 54. fxg4 Kxc5 55. d7 Kb4 56. d8=Q Kc5 57. Qc7+ Kb4 58. Qf4+ Kc5 59. Qd2
Kc4 60. Ke5 g5 61. Qd5+ Kb4 62. Qc6 Kb3 63. Qc5 Kxa4 64. Qb6 Ka3 65. Kd4 Ka2
66. Kc3 Ka3 67. Qb3# 1-0

[Event "Vancouver Open"]
[Site "Chess.com"]
[Date "2020.07.25"]
[Round "?"]
[White "Devaraju, Sonia"]
[Black "Bell, Harry"]
[Result "0-1"]
[WhiteElo "1543"]
[BlackElo "2000"]
[PlyCount "54"]
[EventDate "2020.??.??"]

1. e4 e5 2. Nf3 Nf6 3. Nc3 Nc6 4. d3 Bc5 5. Bg5 h6 6. Bh4 d6 7. Be2 Be6 8. Qd2
Qd7 9. O-O O-O-O 10. a3 Rdg8 11. b4 Bb6 12. Na4 g5 13. Nxb6+ axb6 14. Bg3 h5
15. h3 h4 16. Bh2 g4 17. hxg4 Bxg4 18. Qe3 Bh3 19. Ng5 Nd4 20. Bd1 Bxg2 21.
Kxg2 Rxg5+ 22. Kh1 Rhg8 23. c3 Ne6 24. a4 Nf4 25. Bxf4 exf4 26. Qxf4 Qh3+ 27.
Qh2 Qxf1+ 0-1

[Event "Vancouver Open"]
[Site "Chess.com"]
[Date "2020.07.26"]
[Round "?"]
[White "Fowler, James"]
[Black "Bablani, Arnav"]
[Result "1/2-1/2"]
[WhiteElo "1622"]
[BlackElo "909"]
[PlyCount "102"]
[EventDate "2020.??.??"]

1. e4 e5 2. Nf3 Nc6 3. Bc4 Bc5 4. c3 Nf6 5. d3 O-O 6. O-O h6 7. d4 exd4 8. cxd4
Bb6 9. Nc3 d6 10. h3 Qe7 11. Re1 Be6 12. d5 Rfe8 13. dxe6 fxe6 14. e5 Nxe5 15.
Nxe5 dxe5 16. Rxe5 Rad8 17. Qe2 Rd6 18. Bf4 Qd7 19. Re1 Kf7 20. Rd1 Bd4 21. Nb5
Bxf2+ 22. Kxf2 Rxd1 23. Bxe6+ Rxe6 24. Rxe6 Qxe6 25. Qxe6+ Kxe6 26. Nxc7+ Kf5
27. g3 Rb1 28. Kf3 g5 29. g4+ Kg6 30. Be5 Re1 31. Bc3 Re7 32. Bxf6 Rxc7 33. Be5
Rf7+ 34. Ke3 Re7 35. Ke4 a5 36. Kd5 Rf7 37. Kc5 Rf3 38. Kb6 Rxh3 39. Kxb7 h5
40. gxh5+ Kxh5 41. Ka6 Re3 42. Bc3 g4 43. Kxa5 g3 44. Bd4 Re2 45. a4 g2 46. b4
Re5+ 47. b5 Re4 48. Bg1 Re1 49. Bc5 Re5 50. Bg1 Re1 51. Bc5 Re5 1/2-1/2

[Event "Vancouver Open"]
[Site "Chess.com"]
[Date "2020.07.26"]
[Round "?"]
[White "Gin, Noah"]
[Black "Devadithya, Hiruna"]
[Result "0-1"]
[WhiteElo "1475"]
[BlackElo "1148"]
[PlyCount "102"]
[EventDate "2020.??.??"]

1. d4 d5 2. Nc3 Nf6 3. Bf4 e6 4. e3 a6 5. a3 Nbd7 6. Bd3 c5 7. b3 b5 8. Nf3 b4
9. dxc5 bxc3 10. b4 Bb7 11. O-O Nxc5 12. bxc5 Bxc5 13. Nd4 Bd6 14. Rb1 Rb8 15.
Rb3 e5 16. Qb1 Ba8 17. Bxa6 Rxb3 18. Qxb3 exd4 19. Bb5+ Kf8 20. Bxd6+ Qxd6 21.
exd4 g6 22. Re1 Kg7 23. Qxc3 h5 24. f3 Bb7 25. a4 Rc8 26. Qe3 Rxc2 27. Qe7 Qb6
28. Qb4 Rc4 29. Qb2 Rxa4 30. Re2 Rxd4 31. Kf1 Rd1+ 32. Re1 Rxe1+ 33. Kxe1 Ba6
34. g4 Qxb5 35. Qe5 Qe8 36. Qxe8 Nxe8 37. Kd2 hxg4 38. fxg4 Kf6 39. h4 g5 40.
h5 Kg7 41. Ke3 Kh6 42. Kd4 Bb7 43. Kc5 Nf6 44. Kd6 d4 45. Ke5 d3 46. Kxf6 d2
47. Kxf7 d1=Q 48. Ke6 Qd5+ 49. Kf6 Bc8 50. Ke7 Qe6+ 51. Kf8 Qd7 0-1

[Event "Vancouver Open"]
[Site "Chess.com"]
[Date "2020.07.25"]
[Round "?"]
[White "Goktepe, Derin"]
[Black "Whale, Nicholas"]
[Result "0-1"]
[WhiteElo "1930"]
[BlackElo "2065"]
[PlyCount "62"]
[EventDate "2020.??.??"]

1. d4 Nf6 2. c4 g6 3. Nc3 Bg7 4. e4 d6 5. Be2 O-O 6. Be3 e5 7. d5 a5 8. g4 Na6
9. h4 Ne8 10. h5 f5 11. hxg6 hxg6 12. gxf5 gxf5 13. f3 Nc5 14. Qc2 a4 15. O-O-O
a3 16. b3 Nf6 17. Nh3 f4 18. Bxc5 dxc5 19. Ng5 Qe7 20. Rdg1 Ra6 21. Bd3 Ne8 22.
Ne6 Rf6 23. Qh2 Bxe6 24. Qh8+ Kf7 25. Qh5+ Kf8 26. dxe6 Qxe6 27. Nd5 Rh6 28.
Qg5 Rxh1 29. Rxh1 Rd6 30. Rh7 c6 31. Nc7 Qf6 0-1

[Event "Vancouver Open"]
[Site "Chess.com"]
[Date "2020.07.26"]
[Round "?"]
[White "Goktepe, Derin"]
[Black "McClain, Jack"]
[Result "1/2-1/2"]
[WhiteElo "1930"]
[BlackElo "1783"]
[PlyCount "52"]
[EventDate "2020.??.??"]

1. d4 e6 2. c4 f5 3. Nc3 Nf6 4. Nf3 g6 5. g3 Bg7 6. Bg2 O-O 7. O-O d6 8. b3 Ne4
9. Bb2 Nd7 10. Nd2 Nxc3 11. Bxc3 f4 12. Qc2 e5 13. d5 Nf6 14. Ne4 Bf5 15. Nxf6+
Qxf6 16. Be4 Bxe4 17. Qxe4 g5 18. g4 Qh6 19. f3 Qh3 20. Rf2 Rf6 21. Rg2 Raf8
22. b4 b6 23. a4 h5 24. Rf1 Rh6 25. Rff2 Rff6 26. gxh5 Qxh5 1/2-1/2

[Event "Vancouver Open"]
[Site "Chess.com"]
[Date "2020.07.25"]
[Round "?"]
[White "Gottumukkala, Anath"]
[Black "Bagchi, Sounak"]
[Result "1/2-1/2"]
[WhiteElo "1785"]
[BlackElo "1995"]
[PlyCount "70"]
[EventDate "2020.??.??"]

1. e4 e5 2. Nf3 Nc6 3. Bc4 Bc5 4. c3 Nf6 5. d4 exd4 6. e5 d5 7. Bb5 Ne4 8. cxd4
Bb6 9. Nc3 O-O 10. Be3 Nxc3 11. bxc3 Bf5 12. O-O f6 13. exf6 Qxf6 14. Be2 h6
15. a4 Rae8 16. Qb3 Be6 17. Bb5 Na5 18. Qb4 c6 19. Bd3 Nc4 20. a5 Bc7 21. Bxc4
dxc4 22. Qxb7 Bd6 23. Qxc6 Rd8 24. Ne5 Bxe5 25. dxe5 Qf5 26. Rad1 Rd3 27. Rxd3
cxd3 28. Qd6 Rf7 29. Bxa7 Rd7 30. Qb8+ Kh7 31. Bd4 Bd5 32. Qb2 Bxg2 33. Kxg2
Qg4+ 34. Kh1 Qf3+ 35. Kg1 Qg4+ 1/2-1/2

[Event "Vancouver Open"]
[Site "Chess.com"]
[Date "2020.07.25"]
[Round "?"]
[White "Gottumukkala, Anath"]
[Black "Guha, Eshan"]
[Result "1-0"]
[WhiteElo "1785"]
[BlackElo "2129"]
[PlyCount "63"]
[EventDate "2020.??.??"]

1. e4 c5 2. Nf3 d6 3. Bb5+ Nd7 4. d4 cxd4 5. Qxd4 a6 6. Be2 Ngf6 7. O-O g6 8.
Nc3 Bg7 9. Rd1 O-O 10. e5 Nh5 11. Qh4 dxe5 12. Bg5 Nhf6 13. Nxe5 Qc7 14. Ng4
Nxg4 15. Nd5 Qxh2+ 16. Qxh2 Nxh2 17. Nxe7+ Kh8 18. Nxc8 Raxc8 19. Rxd7 Rxc2 20.
Bd3 Rxb2 21. Kxh2 Rxf2 22. Rf1 Be5+ 23. Kh3 Rxa2 24. Be7 Rc8 25. Rxf7 Kg8 26.
Rf3 b5 27. Be4 Ra1 28. Bd5+ Kh8 29. g3 Rac1 30. Bd8 Bg7 31. Rf8+ Bxf8 32. Bf6+
1-0

[Event "Vancouver Open"]
[Site "Chess.com"]
[Date "2020.07.26"]
[Round "?"]
[White "Gottumukkala, Anath"]
[Black "Vega, Isaac"]
[Result "1-0"]
[WhiteElo "1785"]
[BlackElo "1972"]
[PlyCount "53"]
[EventDate "2020.??.??"]

1. e4 c5 2. Nf3 e6 3. d3 Nf6 4. g3 d5 5. Qe2 Nc6 6. Bg2 Be7 7. O-O O-O 8. e5
Nd7 9. c4 Nb6 10. b3 a5 11. a4 Qc7 12. Bf4 Bd7 13. Nc3 Nd4 14. Nxd4 cxd4 15.
Nxd5 exd5 16. e6 Bd6 17. Bxd6 Qxd6 18. exd7 dxc4 19. dxc4 Nxd7 20. Bxb7 Rab8
21. Be4 Rxb3 22. Bxh7+ Kh8 23. Bc2 Rc3 24. Rad1 Nc5 25. Qh5+ Qh6 26. Qxc5 Rxc2
27. Qxf8+ 1-0

[Event "Vancouver Open"]
[Site "Chess.com"]
[Date "2020.07.26"]
[Round "?"]
[White "Guha, Eshan"]
[Black "Wan, Bertrand"]
[Result "1-0"]
[WhiteElo "2129"]
[BlackElo "1705"]
[PlyCount "43"]
[EventDate "2020.??.??"]

1. d4 Nf6 2. c4 e6 3. g3 d5 4. Bg2 Be7 5. Nf3 O-O 6. O-O dxc4 7. Qc2 a6 8. a4
Bd7 9. Qxc4 Bc6 10. Bg5 Nbd7 11. Nc3 Rc8 12. Rfe1 Ne4 13. Bxe7 Qxe7 14. Qd3
Nxc3 15. bxc3 Rfd8 16. e4 e5 17. d5 Nc5 18. Qe3 Bxa4 19. Nxe5 Nb3 20. Rxa4 Qxe5
21. Rb1 b5 22. Rxa6 1-0

[Event "Vancouver Open"]
[Site "Chess.com"]
[Date "2020.07.25"]
[Round "?"]
[White "Guha, Eshan"]
[Black "Tien, Sophie"]
[Result "1/2-1/2"]
[WhiteElo "2129"]
[BlackElo "1916"]
[PlyCount "137"]
[EventDate "2020.??.??"]

1. d4 d5 2. c4 e6 3. Nf3 Nf6 4. g3 Be7 5. Bg2 O-O 6. O-O Nbd7 7. Qc2 c6 8. Nbd2
Bd6 9. e4 dxe4 10. Nxe4 Nxe4 11. Qxe4 c5 12. Rd1 Rb8 13. dxc5 Nxc5 14. Qd4 Be7
15. Qxd8 Rxd8 16. Rxd8+ Bxd8 17. Bf4 Ra8 18. b4 Na6 19. Rd1 Be7 20. a3 f6 21.
Bd6 Kf7 22. c5 e5 23. Nd2 Nb8 24. Bd5+ Ke8 25. Nc4 Nc6 26. b5 Nd4 27. Rxd4 exd4
28. c6 Bxd6 29. Nxd6+ Ke7 30. cxb7 Bxb7 31. Nf5+ Kf8 32. Bxb7 Rd8 33. Kf1 g6
34. Nh4 d3 35. Ke1 Re8+ 36. Kd2 Re2+ 37. Kxd3 Rxf2 38. Nf3 Ra2 39. Kc4 Rxa3 40.
Nd4 Ra2 41. Nc6 Rxh2 42. Nxa7 Rc2+ 43. Kd5 Rc7 44. Bc6 Rxa7 45. b6 Ra2 46. b7
Rb2 47. Kc5 Rxb7 48. Bxb7 f5 49. Kd6 Kg7 50. Ke5 h5 51. Bd5 Kh6 52. Kf4 h4 53.
gxh4 Kh5 54. Kg3 g5 55. Bf7+ Kh6 56. h5 Kg7 57. Be8 Kh7 58. Bg6+ Kh6 59. Kf3
g4+ 60. Kf4 g3 61. Kxg3 f4+ 62. Kxf4 Kg7 63. Kg5 Kg8 64. Kf6 Kh8 65. h6 Kg8 66.
Bd3 Kh8 67. Kg6 Kg8 68. Bc4+ Kh8 69. h7 1/2-1/2

[Event "Vancouver Open"]
[Site "Chess.com"]
[Date "2020.07.25"]
[Round "?"]
[White "Hamlett, James"]
[Black "Devadithya, Hiruna"]
[Result "0-1"]
[WhiteElo "1561"]
[BlackElo "1148"]
[PlyCount "102"]
[EventDate "2020.??.??"]

1. e4 c5 2. Nc3 e6 3. Nf3 Nc6 4. Bb5 a6 5. Bxc6 bxc6 6. O-O Be7 7. d3 d5 8. Qe1
d4 9. Ne2 Nf6 10. Ne5 Qc7 11. f4 O-O 12. Nf3 Nd7 13. e5 f6 14. Ng3 fxe5 15.
fxe5 h6 16. Nh5 Nb6 17. Qg3 Bg5 18. Bxg5 hxg5 19. Qxg5 Nd5 20. Nh4 Rxf1+ 21.
Rxf1 Ra7 22. Nf6+ Nxf6 23. Rxf6 Qd8 24. Rg6 Qxg5 25. Rxg5 Rb7 26. b3 Bd7 27.
Ng6 Be8 28. Nf4 Bf7 29. h4 a5 30. a4 Kh7 31. h5 Kh6 32. Nxe6 Bxh5 33. g4 Bg6
34. Nxc5 Re7 35. Rxg6+ Kxg6 36. e6 Kg5 37. Kg2 Kxg4 38. Kf2 Kf4 39. Kg2 Ke5 40.
Kf3 Kd5 41. Ne4 Rxe6 42. Ng5 Rf6+ 43. Ke2 Rg6 44. Ne4 Rg2+ 45. Nf2 c5 46. Kf3
Rg1 47. Ke2 g6 48. Ne4 g5 49. Kf2 Rc1 50. Nxg5 Rxc2+ 51. Kf3 Rb2 0-1

[Event "Vancouver Open"]
[Site "Chess.com"]
[Date "2020.07.25"]
[Round "?"]
[White "Hamlett, James"]
[Black "Tran, Nugen"]
[Result "1-0"]
[WhiteElo "1561"]
[BlackElo "1047"]
[PlyCount "143"]
[EventDate "2020.??.??"]

1. e4 e5 2. Nf3 Nc6 3. Bc4 Bc5 4. b4 Bxb4 5. c3 Bc5 6. d4 exd4 7. cxd4 Bb4+ 8.
Bd2 Bxd2+ 9. Nbxd2 d6 10. O-O Nf6 11. Re1 O-O 12. e5 dxe5 13. dxe5 Nd5 14. Ne4
Nb6 15. Bd3 Bg4 16. h3 Bh5 17. Neg5 h6 18. g4 hxg5 19. gxh5 Re8 20. Qd2 f6 21.
e6 Qd6 22. Bb5 Qc5 23. Bxc6 Qxc6 24. Nd4 Qd6 25. Qb2 Na4 26. Qb3 Qxd4 27. e7+
Kh8 28. Rad1 Nc5 29. Rxd4 Nxb3 30. axb3 Rac8 31. Kg2 c6 32. Rd7 Rb8 33. Kf3 Kg8
34. Ke4 Kf7 35. Kf5 a5 36. Re6 b5 37. Rxc6 Rxe7 38. Rxe7+ Kxe7 39. Rc7+ Kf8 40.
Ra7 a4 41. bxa4 b4 42. Kg6 b3 43. Rf7+ Ke8 44. Kxg7 Rd8 45. Rf8+ Ke7 46. Rxd8
Kxd8 47. h6 b2 48. h7 b1=Q 49. h8=Q+ Kd7 50. Qg8 Qb4 51. Qf7+ Kd8 52. Qxf6+ Kd7
53. Qf5+ Kc6 54. Qb5+ Qxb5 55. axb5+ Kxb5 56. Kg6 Kc6 57. Kxg5 Kd7 58. Kg6 Ke7
59. Kg7 Ke6 60. h4 Ke5 61. h5 Kf4 62. h6 Kf3 63. h7 Kxf2 64. h8=Q Ke2 65. Qh3
Kf2 66. Kf6 Kg1 67. Kf5 Kf2 68. Kf4 Kg1 69. Qe3+ Kf1 70. Qd2 Kg1 71. Kg3 Kh1
72. Qh2# 1-0

[Event "Vancouver Open"]
[Site "Chess.com"]
[Date "2020.07.26"]
[Round "?"]
[White "Hamlett, James"]
[Black "Malakar, Saarthak"]
[Result "1/2-1/2"]
[WhiteElo "1561"]
[BlackElo "1270"]
[PlyCount "67"]
[EventDate "2020.??.??"]

1. e4 c5 2. Nc3 d6 3. Bb5+ Bd7 4. Bxd7+ Qxd7 5. f4 Nc6 6. Nf3 Nf6 7. O-O g6 8.
d3 Bg7 9. Qe1 O-O 10. f5 Ne5 11. Nxe5 dxe5 12. Qh4 Qd4+ 13. Kh1 c4 14. Ne2 Qc5
15. Bh6 cxd3 16. cxd3 Qc2 17. Bxg7 Kxg7 18. fxg6 hxg6 19. Ng3 Rh8 20. Qg5 Qxd3
21. Rf3 Qb5 22. Raf1 Qc5 23. Rxf6 Rxh2+ 24. Kxh2 Rh8+ 25. Nh5+ Rxh5+ 26. Qxh5
gxh5 27. Rxf7+ Kg6 28. R1f3 b5 29. R7f5 h4 30. Rh3 e6 31. Rff3 Kg5 32. Rf7 Kg6
33. Rff3 Kg5 34. Rf7 1/2-1/2

[Event "Vancouver Open"]
[Site "Chess.com"]
[Date "2020.07.25"]
[Round "?"]
[White "Ingram, Richard"]
[Black "McConnell, Sullivan"]
[Result "0-1"]
[WhiteElo "1880"]
[BlackElo "2224"]
[PlyCount "98"]
[EventDate "2020.??.??"]

1. e4 e6 2. d4 d5 3. Nd2 Nf6 4. e5 Nfd7 5. Bd3 c5 6. c3 Nc6 7. Ne2 Qb6 8. Nf3
h6 9. O-O g5 10. h3 Be7 11. b3 a5 12. Be3 cxd4 13. cxd4 Nf8 14. Rc1 Bd7 15. Nc3
Ba3 16. Rb1 Nb4 17. Be2 Ng6 18. Ne1 Qc7 19. Nb5 Bxb5 20. Bxb5+ Ke7 21. Qd2 Rac8
22. f4 gxf4 23. Bxf4 Qb6 24. Be2 Nxf4 25. Qxf4 Rhf8 26. Kh1 Rc7 27. Qh4+ Ke8
28. Rf6 Nc6 29. Rf4 Be7 30. Qf2 Bg5 31. Rf3 Qxd4 32. Bb5 Qxf2 33. Rxf2 Kd8 34.
Nf3 Be3 35. Re2 Bb6 36. Rd1 Na7 37. Bd3 Ke7 38. Rf1 Rc3 39. Rd1 Rfc8 40. Kh2
Nc6 41. Kg3 Nb4 42. Bh7 Rh8 43. Bb1 Rg8+ 44. Kf4 Nc6 45. g4 Bc7 46. Bd3 Nxe5
47. Nxe5 f6 48. Kf3 fxe5 49. Kg2 e4 0-1

[Event "Vancouver Open"]
[Site "Chess.com"]
[Date "2020.07.25"]
[Round "?"]
[White "Ingram, Richard"]
[Black "Bell, Harry"]
[Result "0-1"]
[WhiteElo "1880"]
[BlackElo "2000"]
[PlyCount "46"]
[EventDate "2020.??.??"]

1. e4 e5 2. Nf3 Nf6 3. Nxe5 d6 4. Nf3 Nxe4 5. d4 d5 6. Bd3 Bd6 7. O-O O-O 8. c4
c6 9. Nc3 Nxc3 10. bxc3 Bg4 11. Bxh7+ Kxh7 12. Ng5+ Qxg5 13. Bxg5 Bxd1 14.
Raxd1 Nd7 15. c5 Bc7 16. Rb1 b5 17. Rfe1 Rfe8 18. Kf1 f6 19. Bd2 Kg6 20. Re3
Rxe3 21. Bxe3 a5 22. h3 a4 23. Ke2 f5 0-1

[Event "Vancouver Open"]
[Site "Chess.com"]
[Date "2020.07.26"]
[Round "?"]
[White "Ingram, Richard"]
[Black "Bagchi, Sounak"]
[Result "1/2-1/2"]
[WhiteElo "1880"]
[BlackElo "1995"]
[PlyCount "115"]
[EventDate "2020.??.??"]

1. e4 e5 2. Nf3 Nc6 3. Bb5 a6 4. Ba4 Nf6 5. O-O Be7 6. Re1 b5 7. Bb3 d6 8. c3
O-O 9. h3 Nb8 10. d4 Nbd7 11. Nbd2 Bb7 12. Bc2 Re8 13. Bd3 Bf8 14. a4 c6 15.
Nf1 g6 16. Bg5 h6 17. Bd2 Bg7 18. Ng3 Qc7 19. Qc2 c5 20. axb5 c4 21. Bf1 axb5
22. Rxa8 Rxa8 23. b3 Re8 24. d5 Nb6 25. Be3 Nfd7 26. Bxb6 Nxb6 27. Nd2 Bf6 28.
bxc4 bxc4 29. Be2 Ra8 30. Qb2 Bg5 31. Ngf1 f5 32. Rb1 Bd8 33. Bxc4 Bc8 34. Bb3
f4 35. Nf3 Nd7 36. N1d2 Rb8 37. Qc2 Kh7 38. Ba2 Bb7 39. Nc4 Nc5 40. Nfd2 Qe7
41. Nb3 Nxb3 42. Rxb3 Qc7 43. Nd2 Ba6 44. Rxb8 Qxb8 45. Qa4 Qb5 46. Qxb5 Bxb5
47. c4 Ba6 48. Kf1 Kg7 49. Ke2 Bb6 50. f3 Kf7 51. Kd3 Ke7 52. Nb3 Bc5 53. Kc3
Kd7 54. Nxc5+ dxc5 55. Kb3 Kc7 56. Ka4 Kb6 57. Bb3 Bc8 58. Bd1 1/2-1/2

[Event "Vancouver Open"]
[Site "Chess.com"]
[Date "2020.07.25"]
[Round "?"]
[White "Kaur, Jind"]
[Black "Cui, Max"]
[Result "1-0"]
[WhiteElo "1336"]
[BlackElo "515"]
[PlyCount "91"]
[EventDate "2020.??.??"]

1. e4 e5 2. Nf3 Nf6 3. Nxe5 d6 4. Nf3 Nxe4 5. d4 d5 6. Qd3 Bf5 7. Nc3 Ng3 8.
Qe3+ Ne4 9. Nxe4 Bxe4 10. Nd2 Bd6 11. f3 Qh4+ 12. Ke2 Bf4 13. Qf2 Qxf2+ 14.
Kxf2 Bxc2 15. Nb3 Bxc1 16. Rxc1 Bxb3 17. axb3 Nc6 18. Bb5 O-O 19. Bxc6 bxc6 20.
Rxc6 Rab8 21. Rxc7 Rxb3 22. Rxa7 Rxb2+ 23. Kg3 f5 24. Ra5 f4+ 25. Kh3 Rf6 26.
Rxd5 Rh6+ 27. Kg4 Rxg2+ 28. Kxf4 Rh4+ 29. Ke5 Rg5+ 30. Kd6 Rh6+ 31. Kc5 Rg2 32.
Rd8+ Kf7 33. Rd7+ Ke8 34. Rb7 Rc2+ 35. Kd5 Rcc6 36. Re1+ Kd8 37. Rbe7 Rcd6+ 38.
Kc4 Rc6+ 39. Kd3 Rxh2 40. Re8+ Kc7 41. R1e7+ Kb6 42. Rb8+ Ka6 43. Re1 Rcc2 44.
Ra1+ Ra2 45. Rxa2+ Rxa2 46. Ra8+ 1-0

[Event "Vancouver Open"]
[Site "Chess.com"]
[Date "2020.07.26"]
[Round "?"]
[White "Kaur, Jind"]
[Black "Morris, Brian"]
[Result "0-1"]
[WhiteElo "1336"]
[BlackElo "1382"]
[PlyCount "92"]
[EventDate "2020.??.??"]

1. e4 d6 2. d4 Nf6 3. Nc3 g6 4. Nf3 Bg7 5. Bf4 O-O 6. Bd3 Nbd7 7. O-O Re8 8.
Re1 a5 9. Qd2 c5 10. d5 Ng4 11. h3 Nge5 12. Nxe5 Nxe5 13. Bb5 Bd7 14. Bxd7 Qxd7
15. Bh6 b5 16. Bxg7 Kxg7 17. a3 b4 18. axb4 axb4 19. Ne2 Qxh3 20. gxh3 Nf3+ 21.
Kg2 Nxd2 22. Ng3 Nc4 23. b3 Na3 24. Ne2 Nxc2 25. Rxa8 Nxe1+ 26. Kf1 Rxa8 27.
Kxe1 Ra1+ 28. Kd2 Kf6 29. Ke3 Rb1 30. Kf4 Rxb3 31. Kg4 h5+ 32. Kh4 c4 33. Nd4
Rd3 34. Nc6 b3 35. Nb4 b2 36. Nxd3 cxd3 37. f4 b1=Q 38. e5+ dxe5 39. fxe5+ Kxe5
40. d6 Qb4+ 41. Kg3 Kxd6 42. h4 d2 43. Kh3 d1=Q 44. Kg3 Qd3+ 45. Kf2 Qb2+ 46.
Ke1 Qdb1# 0-1

[Event "Vancouver Open"]
[Site "Chess.com"]
[Date "2020.07.26"]
[Round "?"]
[White "Kona, Vidip"]
[Black "Smith, Catherine"]
[Result "1-0"]
[WhiteElo "1261"]
[BlackElo "1522"]
[PlyCount "99"]
[EventDate "2020.??.??"]

1. e4 e5 2. Nf3 Nc6 3. Bb5 d6 4. d4 exd4 5. Nxd4 Bd7 6. Bxc6 Bxc6 7. Nxc6 bxc6
8. Nc3 Be7 9. Be3 Nf6 10. O-O O-O 11. Kh1 Qd7 12. h3 h6 13. f4 Nh7 14. Qd3 f5
15. e5 Rfd8 16. Rad1 d5 17. Na4 Nf8 18. Nc5 Bxc5 19. Bxc5 Ne6 20. Bg1 Qf7 21.
c3 Kh8 22. b4 a6 23. Qe2 g5 24. Bh2 gxf4 25. Bxf4 Qg6 26. Qe3 Nxf4 27. Qxf4 Rg8
28. Rf2 Rgf8 29. Rdf1 Rae8 30. Qg4 fxg4 31. Rxf8+ Rxf8 32. Rxf8+ Kg7 33. Rf6
gxh3 34. Rxg6+ Kxg6 35. gxh3 Kf5 36. Kg2 Kxe5 37. Kf3 d4 38. c4 h5 39. a4 h4
40. a5 Kd6 41. Ke4 d3 42. Kxd3 c5 43. b5 Kd7 44. Ke4 Kc8 45. Kd5 Kb7 46. Kxc5
axb5 47. cxb5 Kc8 48. Kc6 Kb8 49. a6 Ka7 50. Kxc7 1-0

[Event "Vancouver Open"]
[Site "Chess.com"]
[Date "2020.07.26"]
[Round "?"]
[White "Lee, Brian"]
[Black "Zhang, Michelle"]
[Result "1-0"]
[WhiteElo "1881"]
[BlackElo "1267"]
[PlyCount "63"]
[EventDate "2020.??.??"]

1. d4 d5 2. c4 e6 3. cxd5 exd5 4. Nc3 Nf6 5. Bg5 c6 6. e3 Nbd7 7. Bd3 Be7 8.
Qc2 O-O 9. Nge2 b6 10. O-O-O Bb7 11. f3 a5 12. h4 b5 13. Kb1 b4 14. Na4 Ba6 15.
Rc1 Bxd3 16. Qxd3 Qc7 17. Rc2 b3 18. axb3 Rab8 19. Rhc1 Rb4 20. Rxc6 Qb7 21.
Rc7 Qb8 22. Bxf6 Nxf6 23. Rxe7 Rxb3 24. Rc3 Rb4 25. Qc2 Qb5 26. Nc5 Rb8 27. Rb7
Rxb7 28. Nxb7 h6 29. Rc8+ Ne8 30. Nd6 Qd7 31. Nxe8 Qxc8 32. Qxc8 1-0

[Event "Vancouver Open"]
[Site "Chess.com"]
[Date "2020.07.25"]
[Round "?"]
[White "Lee, Brian"]
[Black "Devadithya, Lavindu"]
[Result "1-0"]
[WhiteElo "1881"]
[BlackElo "1535"]
[PlyCount "131"]
[EventDate "2020.??.??"]

1. d4 d5 2. c4 c6 3. Nf3 Nf6 4. Nc3 dxc4 5. a4 Bf5 6. e3 e6 7. Bxc4 Be7 8. O-O
Nbd7 9. Nh4 Bg6 10. Nxg6 hxg6 11. e4 c5 12. d5 Qc7 13. g3 exd5 14. exd5 a6 15.
Re1 Ne5 16. Bf4 Nfd7 17. Qe2 f6 18. d6 Qxd6 19. Rad1 Qc6 20. Bd5 Qc7 21. Be6
Rd8 22. Nd5 Qc6 23. Bxd7+ Rxd7 24. Bxe5 O-O 25. Qc4 Rxd5 26. Rxd5 b5 27. Rxc5+
bxc4 28. Rxc6 fxe5 29. Rxe5 Bf6 30. Re4 Bxb2 31. Rexc4 a5 32. Ra6 Rf5 33. Ra8+
Kf7 34. Ra7+ Kf6 35. Ra6+ Kg5 36. h4+ Kh6 37. Ra8 Kh7 38. Rcc8 g5 39. h5 g6 40.
Rc7+ Kh6 41. hxg6 Kxg6 42. Ra6+ Kh5 43. Kg2 Bd4 44. f3 Rf6 45. Rxf6 Bxf6 46.
Ra7 Bc3 47. Ra6 g4 48. f4 Bb4 49. Kf2 Bc3 50. Ke2 Bb4 51. Rb6 Bc3 52. Rc6 Bb4
53. Ra6 Bc3 54. Rb6 Bb4 55. Rxb4 axb4 56. a5 b3 57. Kd2 Kg6 58. a6 Kf5 59. a7
Ke4 60. a8=Q+ Kd4 61. Qa4+ Kd5 62. Qxb3+ Ke4 63. Qc4+ Kf3 64. Qd3+ Kg2 65. Ke1
Kh3 66. Kf2 1-0